Inštitucionálne zabezpečenie fiškálneho prognózovania v SR bakalárska práca

Enregistré dans:
Détails bibliographiques
Auteur principal: Čučková, Adriána
Collectivité auteur: Národohospodárska fakulta EU. Katedra financií
Autres auteurs: Boór, Matej, 1988-
Format: Livre
Langue:slovaque
Publié: Bratislava 2021
Tags: Ajouter un tag
Pas de tags, Soyez le premier à ajouter un tag!

MARC

LEADER 00000nbm a2200000 4500
001 0275183
005 20211210124203.4
041 0 |a slo 
044 |a SK 
245 1 0 |a Inštitucionálne zabezpečenie fiškálneho prognózovania v SR  |b bakalárska práca  |c Adriána Čučková ; školiteľ: Matej Boór 
264 1 |a Bratislava  |c 2021 
300 |a 44 s. 
100 1 |a Čučková, Adriána 
700 1 |a Boór, Matej, 1988- 
710 2 |a Národohospodárska fakulta EU. Katedra financií